Najmniejsze zawody WCA w Polsce w 2023 roku - Statystyki

Ogólne statystyki
  • Ten quiz został rozwiązany 6 razy
  • Średni wynik to 7 z 21
Statystyki odpowiedzi
Liczba rekordów Zawodnik % Poprawnych
25 SLS Grudzień 2023
80%
29 All Rounders in Stobierna 2023
60%
32 BrizZon Side Open 2023
60%
34 SLS Październik 2023
60%
24 3 FMC Rounds in Rzeszów 2023
40%
19 3 More FMC Rounds in Rzeszów 2023
40%
34 BrizZon Side Open II 2023
40%
28 BrizZon Side Open III 2023
40%
35 BrizZon Side Open IV 2023
40%
35 BrizZon Side Open V 2023
40%
24 Imagine FMC in Rzeszów 2023
40%
20 Poznań MBLD Cup 2023
40%
9 Try Not To DNF Rzeszów 2023
40%
3 Try to Get a Mean Rzeszów 2023
40%
26 Find Minimum in Warsaw 2023
20%
20 Silesian Minx Fest 2023
20%
29 Szansa Cubing Open Warsaw 2023
20%
15 Wedding Day Serokomla 2023
20%
10 2 Rounds of FMC in Rzeszów 2023
0%
28 Cube4fun Double Weekend in Świdnik II 2023
0%
33 Mikołajki Open 2023
0%
Nie znaleziono quizów pasujących do podanych kryteriów
Rozkład punktacji
Procent ludzi z każdym wynikiem
Percentyl według liczby udzielonych odpowiedzi
Twoja historia wyników
Nie rozwiązałeś tego quizu